| 000 | 00730nam a22002177a 4500 | ||
|---|---|---|---|
| 003 | 0 | ||
| 005 | 20251104080524.0 | ||
| 008 | 251104b xxu||||| |||| 00| 0 eng d | ||
| 020 | _a978-1-83659-488-8 | ||
| 050 |
_aPN 4784.V64 _b.M58 2025 |
||
| 100 |
_aMitchell, Jeffrey, _eauthor. |
||
| 245 |
_aCareer in journalism and mass communications / _cJeffrey Mitchell. |
||
| 260 |
_aLondon, UK : _bED-Tech Press, _c2025. |
||
| 300 |
_ax, 253 pages ; _c27 cm. |
||
| 504 | _aIncludes bibliographical references and index. | ||
| 650 |
_aJournalism _xVocational guidance. |
||
| 650 |
_aMass media _xVocational guidance. |
||
| 650 |
_aCommunication _xVocational guidance. |
||
| 650 |
_aJournalists _xVocational guidance. |
||
| 942 |
_2lcc _cBK |
||
| 999 |
_c368429 _d368429 |
||